| 000 | 01130nam a22002537a 4500 | ||
|---|---|---|---|
| 005 | 20170124103147.0 | ||
| 010 | _aB-077439 | ||
| 020 |
_c190.00 _a8187620021 |
||
| 035 | _aB-077439 | ||
| 037 | _bCen Lib/Ret | ||
| 040 |
_aDPL _bHN |
||
| 082 |
_a004 _bओलेव |
||
| 245 |
_aओलेवन सूचना तकनिकी / _cसंपादक हरिशंकर व्यास |
||
| 246 |
_aOlevan soochana takninki / _bsampadak Harishankar Vyas |
||
| 260 |
_aनयी दिल्ली _bनेटकम इंडिया _c2000 |
||
| 270 |
_bनयी दिल्ली _a95, शहीद भगत सिंह प्लेस, बागला साहिब मार्ग _e110001 |
||
| 300 |
_a221पृ. _c20सेमी(सजिल्द ) |
||
| 650 |
_aकंप्यूटर भाषा _x _z _986569 |
||
| 650 |
_aकंप्यूटर और संचार _95868 |
||
| 650 |
_aComputer Language _93307 |
||
| 650 |
_aComputers and Communications _986570 |
||
| 700 |
_aव्यास, हरिशंकर _986571 |
||
| 942 |
_2ddc _cHN _h004 _mओलेव |
||
| 999 |
_c119725 _d119725 |
||